El sitio de Corintio
Cuento en formato de verso trágico que relata bajo dos narradores, Alp y Francesca, mientras el ejército otomano toma posición Corinto. Esto debido a que Alp los ha auxiliado tras idea una venganza contra aquellos que lo traicionaron y le exiliado injustamente, pero antes las palabras de Francesca,...
محفوظ في:
| المؤلف الرئيسي: | |
|---|---|
| التنسيق: | كتاب |
| اللغة: | Undetermined |
| منشور في: |
New York, Estados Unidos
Dell
[s.f.]
|
| الموضوعات: | |
| الوسوم: |
إضافة وسم
لا توجد وسوم, كن أول من يضع وسما على هذه التسجيلة!
|
MARC
| LEADER | 00000nam a2200000Ia 4500 | ||
|---|---|---|---|
| 008 | 170316s9999 xx 000 0 und d | ||
| 040 | |a cru BVZT | ||
| 090 | |a 820 B-32si | ||
| 100 | |a Byron, Lord | ||
| 245 | |a El sitio de Corintio | ||
| 260 | |a New York, Estados Unidos | ||
| 260 | |b Dell | ||
| 260 | |c [s.f.] | ||
| 300 | |a 125 páginas | ||
| 520 | |a Cuento en formato de verso trágico que relata bajo dos narradores, Alp y Francesca, mientras el ejército otomano toma posición Corinto. Esto debido a que Alp los ha auxiliado tras idea una venganza contra aquellos que lo traicionaron y le exiliado injustamente, pero antes las palabras de Francesca, él acaba en un dilema sobre si detener su venganza o seguirla | ||
| 650 | |a LITERATURA INGLESA |9 12 | ||
| 999 | |c 6748 |d 6748 | ||
| 942 | |c 15 D |h 820 B-32si |2 z | ||
